Ciudades españolas con catedral - ¡Muerte súbita! - Estadísticas

Estadísticas generales
  • Esta prueba ha sido intentada 179 veces
  • La puntuación promedio es 7 de 18
Answers on the Grid
Answers color-coded by a green-red scale on the quiz's grid according to % correct below.
Alcoy
Algeciras
Almería
Astorga
Ávila
Badajoz
Burgos
Ceuta
Ciudad Rodrigo
Denia
Figueras
Gijón
Jaén
La Coruña
Leganés
Madrid
Málaga
Mondoñedo
Plasencia
San Sebastián
Santa Cruz de Tenerife
Santander
Sevilla
Talavera de la Reina
Tarragona
Tarrasa
Zamora
 
Estadísticas de respuestas
Respuesta % Correcto
Burgos
88%
Sevilla
64%
Madrid
60%
Jaén
55%
Ávila
53%
Málaga
49%
Santander
45%
Almería
42%
Astorga
42%
Badajoz
40%
Zamora
39%
Tarragona
35%
San Sebastián
32%
Plasencia
30%
Ciudad Rodrigo
27%
Mondoñedo
18%
Ceuta
9%
Tarrasa
7%
No se encontraron pruebas coincidentes
Distribución de puntuación
Porcentaje de gente con cada puntuación
Porcentaje por número respondido
Historial de tus puntuaciones
No has intentado esta prueba.